| 000 | 02369nam a2200493Ii 4500 | ||
|---|---|---|---|
| 001 | DIGDEU0134 | ||
| 003 | NyNyDIG | ||
| 008 | 141201s2001 sp o 000 0 spa d | ||
| 006 | m o d | ||
| 007 | cr ||||||||||| | ||
| 020 |
_a9788498308242 _q(eBook) |
||
| 020 |
_a8498308240 _q(eBook) |
||
| 020 | _z9788474857658 | ||
| 020 | _z8474857651 | ||
| 035 | _a(OCoLC)857077944 | ||
| 040 |
_aDGITA _beng _erda _epn _cDGITA |
||
| 043 | _ae-sp--- | ||
| 050 | 1 | 4 | _aJV6225 eBook |
| 100 | 1 |
_aLópez Marugán, Arantza, _eauthor. |
|
| 245 | 1 | 0 |
_aInmigrantes y mediación cultural : _bmateriales para cursos de formación / _cArantza López Marugán, María Luisa Setién, María Jesús Arriola, Carmen Celedón, Arantxa Rodríguez Berrio. |
| 264 | 1 |
_aBilbao : _bUniversidad de Deusto, _c2001. |
|
| 300 | _a1 online resource (152 pages). | ||
| 336 |
_atext _btxt _2rdacontent |
||
| 337 |
_acomputer _bc _2rdamedia |
||
| 338 |
_aonline resource _bcr _2rdacarrier |
||
| 490 | 1 |
_aTemas de trabajo social ; _vnúm. 1 |
|
| 505 | 0 | _aIntroducción -- Capítulo 1. Mujeres e inmigración. El caso de Bilbao La Vieja -- Capítulo 2. Curso de estrategias y habilidades para mujeres inmigrantes -- Capítulo 3. Curso de mediadores culturales -- Anexo 1. (Ley Orgánica 8/2000, de 22 de diciembre) sobre los derechos y libertades de los extranjeros en España -- Anexo 2. Acuerdo de Schengen -- Anexo 3. Regularización extraordinaria. | |
| 588 | 0 | _aOnline resource; title from ePub and PDF title page (Digitalia, viewed Sept. 25, 2014) | |
| 650 | 0 |
_aSocial integration _zSpain. |
|
| 650 | 0 |
_aEmigration and immigration _zSpain. |
|
| 655 | 0 | _aElectronic books. | |
| 700 | 1 |
_aSetién, María Luisa, _eauthor. |
|
| 700 | 1 |
_aArriola, María Jesús, _eauthor. |
|
| 700 | 1 |
_aCeledón, Carmen, _eauthor. |
|
| 700 | 1 |
_aRodríguez Berrio,Arantxa, _eauthor. |
|
| 710 | 1 | 2 |
_aSpain. _tLey orgánica 8/2000, de 22 de diciembre. |
| 776 | 0 | 8 |
_iPrint version: _aLópez Marugán, Arantza. _tInmigrantes y mediación cultural. _dBilbao : Universidad de Deusto, 2001. _z9788474857658. |
| 791 | 2 |
_aDigitalia (Firm), _edistributor. |
|
| 793 | 0 |
_gDigitalia eBook Collection: _aUniversidad de Deusto |
|
| 830 | 0 |
_aTemas de trabajo social ; _vno. 1. |
|
| 856 | 4 | 0 |
_3Digitalia Hispánica _uhttps://www.digitaliapublishing.com/a/19262/ |
| 910 | _aPremium Collection: 2014 | ||
| 942 | _cRAA | ||
| 999 |
_c236385 _d236385 |
||